Avengers Members - Statistics

General Stats
  • This quiz has been taken 6,493 times
    6,483 since last reset
  • The average score is 11 of 12
Answer Stats
Hint Answer % Correct
God of Thunder Thor
100%
Green rage monster Hulk
99%
Genius, Billionaire, Playboy, Philanthropist Iron Man
99%
Russian Spy Black Widow
96%
Thawed out of ice Captain America
96%
Expert Archer Hawkeye
96%
Grows or shrinks Giant Man
89%
Your friendly neighborhood Spider-Man
87%
African Prince Black Panther
86%
Three metal claws in each hand Wolverine
84%
Shrinks and can fly Wasp
74%
Android who can turn invisible Vision
68%
No matching quizzes found
Score Distribution
Percent of People with Each Score
Percentile by Number Answered
Your Score History
You have not taken this quiz since the last reset